| 000 | 01013nam a2200301 i 4500 | ||
|---|---|---|---|
| 999 |
_c22649 _d22649 |
||
| 001 | C00609052 | ||
| 003 | OSt | ||
| 005 | 20221212083657.0 | ||
| 007 | ta | ||
| 008 | 220630s2021 pe gr 000 j spa | ||
| 017 | _a2021-09744 | ||
| 020 | _a9786124294303 | ||
| 040 |
_apelibn _bspa _erda _cpelibn |
||
| 082 | 1 | 4 | _a869.57 |
| 100 | 1 |
_aMoreno, Fiorella, _d1990-, _eautor. _948751 |
|
| 245 | 1 | 3 |
_aLa vida de las marionetas / _cFiorella Moreno. |
| 250 | _aPrimera edición. | ||
| 264 | 3 | 1 |
_aLima : _bAlastor Editores, _c2021. |
| 264 | 3 | 3 |
_aLima : _bF. M. Servicios Gráficos. |
| 300 |
_a187 páginas, 3 páginas sin numerar ; _c21 cm. |
||
| 336 |
_aTexto _2rdacontent |
||
| 337 |
_asin mediación _2rdamedia |
||
| 338 |
_avolumen _2rdacarrier |
||
| 490 | 0 |
_aLa historia interminable del fuego ; _v1 |
|
| 650 | 1 | 8 |
_aCuentos peruanos _y-Siglo XXI. _948225 |
| 942 |
_2ddc _cLIBROS |
||